000 00896nam a22002417a 4500
005 20130814122722.0
010 _aENG-108098
020 _c995.00
_a9788132109464
035 _aEN-91631
037 _bDBAD/PUB
082 _a 344.540356
100 _aRamakrishnan, Nitya
245 _aIn custody :
_cby Nitya Ramakrishnan
_blaw, impunity and prisoner abuse in South Asia /
260 _aNew Delhi
_bSage Publications
_c2013
270 _aB1/I-1 Mohan Cooperative Indusrial Area Mathura Road
_bNew Delhi
_e110044
300 _axlix,451p.
_c23cm(Hb)
500 _aIncludes bibliographical references and index
505 _a India -- Pakistan -- Bangladesh -- Sri Lanka -- Nepal -- Afghanistan.
650 _aDetention of persons
_zSouth Asia.
650 _aPrisoners
_x Abuse of
_zSouth Asia.
650 _a Human rights
_zSouth Asia.
942 _2ddc
_cEN
_mRAM
_h344.540356
999 _c77782
_d77782